000
00248nam a2200109Ia 4500
008
220204s9999 xx 000 0 und d
082
_a
793.3
_b
HAN
100
_a
Hanson, Kitty
245
0
_a
Disco fever
260
_a
New York
_b
Nal
_c
1978
942
_c
BK
999
_c
33475
_d
33475